Normal view
MARC view
Entry Personal Name
001 - CONTROL NUMBER
- control field: 1234344
003 - CONTROL NUMBER IDENTIFIER
- control field: OSt
005 - DATE AND TIME OF LATEST TRANSACTION
- control field: 20260408133312.0
008 - FIXED-LENGTH DATA ELEMENTS
- fixed length control field: 260408|| aca||aabn | a|a d
040 ## - CATALOGING SOURCE
- Original cataloging agency: OSt
- Transcribing agency: OSt
100 ## - HEADING--PERSONAL NAME
- Personal name: Chand Mahal Ruby
670 ## - SOURCE DATA FOUND
- Source citation: Work cat.: (OSt)1848099: Chand Mahal Ruby, Body image journeys, 2017
